|
|
|
|
| LEADER |
00753nab#a2200313#ar4500 |
| 001 |
000005621 |
| 003 |
SVKKK |
| 005 |
20030702084053.0 |
| 008 |
030702c1997 e sloo |
| FMT |
|
|
|
| 038 |
|
|
|a SVKKK
|
| 040 |
|
|
|a SVKKK
|b slo
|e AACR2
|
| 041 |
0 |
|
|a slo
|
| 080 |
|
|
|a 796.5
|2 1981
|
| 100 |
0 |
|
|a pol
|4 aut
|
| 245 |
1 |
0 |
|a Lezecká špička v Košiaciach
|c pol ,
|
| 260 |
|
|
|c 1997
|
| 650 |
0 |
4 |
|a informácie
|
| 650 |
0 |
4 |
|a lezenie športové
|
| 650 |
0 |
4 |
|a majstrovstvá Slovenska v lezení
|
| 650 |
0 |
4 |
|a program
|z Košice
|
| 650 |
0 |
4 |
|a skala umelá lezecká
|
| 773 |
0 |
|
|t Košický večer
|g Roč. 8, č. 200(1997), dát. 1016, s. 11
|
| 957 |
|
|
|a Košice
|
| 974 |
|
|
|a Cr
|
| 992 |
|
|
|a RBX
|
| BAS |
|
|
|
| 852 |
|
|
|a SVKKK
|b BIB
|
| 998 |
|
|
|a REG
|